Addressing the Challenges in Evolution of HR function to bexome a Strategic Businesss Partner (Record no. 529686)

000 -LEADER
fixed length control field 00508nam a22001577a 4500
020 ## - INTERNATIONAL STANDARD BOOK NUMBER
Qualifying information Hard Cover.
082 ## - DEWEY DECIMAL CLASSIFICATION NUMBER
Classification number 658
100 ## - MAIN ENTRY--PERSONAL NAME
Personal name Farooq, Shamsher
245 ## - TITLE STATEMENT
Title Addressing the Challenges in Evolution of HR function to bexome a Strategic Businesss Partner
Statement of responsibility, etc. Shamsher Farooq.
260 ## - PUBLICATION, DISTRIBUTION, ETC.
Place of publication, distribution, etc. Islamabad:
Name of publisher, distributor, etc. NBS - NUST,
Date of publication, distribution, etc. 2017.
300 ## - PHYSICAL DESCRIPTION
Extent 54 p.: ill.;
Dimensions 30cm.
650 ## - SUBJECT ADDED ENTRY--TOPICAL TERM
Topical term or geographic name entry element MBA-Thesis
700 ## - ADDED ENTRY--PERSONAL NAME
Personal name Dr. Asfia Obaid.
942 ## - ADDED ENTRY ELEMENTS (KOHA)
Source of classification or shelving scheme
Koha item type Thesis
650 ## - SUBJECT ADDED ENTRY--TOPICAL TERM
-- 17629
700 ## - ADDED ENTRY--PERSONAL NAME
-- 17675
Holdings
Withdrawn status Lost status Source of classification or shelving scheme Damaged status Not for loan Permanent Location Current Location Shelving location Date acquired Full call number Barcode Date last seen Price effective from Non-public note Koha item type
          Central Library (CL) Central Library (CL) Thesis 10/01/2019 658 CL-T-3593 10/01/2019 10/01/2019 Minute Sheet No. 0929/02/CL/Survey/5 dated 23rd April 2024 E-MIN ID 114741 Thesis
© 2023 Central Library, National University of Sciences and Technology. All Rights Reserved.